书目信息 |
| 题名: |
招牌·橱窗装饰设计
|
|
| 作者: | 赵亚丁 , 黄顺利 , 李宇彤 编著 | |
| 分册: | ||
| 出版信息: | 北京 机械工业出版社 2008 |
|
| 页数: | 76页 | |
| 开本: | 26cm | |
| 丛书名: | ||
| 单 册: | ||
| 中图分类: | J524.3 , J525.2 | |
| 科图分类: | ||
| 主题词: | 招牌--设计--图集 , 橱窗布置--装饰美术--设计--图集 , 橱窗布置 , 招牌 | |
| 电子资源: | ||
| ISBN: | 978-7-111-25273-3 | |
| 000 | 01149nam0 2200301 45 | |
| 001 | 1129241874 | |
| 005 | 20110420092207.20 | |
| 010 | @a978-7-111-25273-3@dCNY29.00 | |
| 100 | @a20110414d2008 em y0chiy0110 ea | |
| 101 | 0 | @achi |
| 102 | @aCN@b110000 | |
| 105 | @aa z 000yy | |
| 106 | @ar | |
| 200 | 1 | @a招牌·橱窗装饰设计@AZhao Pai· Chu Chuang Zhuang Shi She Ji@f赵亚丁,黄顺利,李宇彤编著@FZhao Ya Ding, Huang Shun Li, Li Yu Tong Bian Zhu |
| 210 | @a北京@c机械工业出版社@d2008 | |
| 215 | @a76页@c图@d26cm | |
| 330 | @a本书收集了图内外大量优秀的招牌、橱窗设计图例,这些作品是经过摄影师和专业的建筑师精心的筛选,具有内容新取材广、个性强、艺术性高的特点,给人一种耳目一新的感觉,全书具有极高的参考价值,相信会使从事橱窗和招牌设计的工作人员的专业水平得到较大的提高。 | |
| 606 | 0 | @a招牌@x设计@j图集 |
| 606 | 0 | @a橱窗布置@x装饰美术@x设计@j图集 |
| 606 | 0 | @a橱窗布置 |
| 606 | 0 | @a招牌 |
| 690 | @aJ524.3@v4 | |
| 690 | @aJ525.2@v4 | |
| 701 | 0 | @a赵亚丁@AZhao Ya Ding@4编著 |
| 701 | 0 | @a黄顺利@AHuang Shun Li@4编著 |
| 701 | 0 | @a李宇彤@ALi Yu Tong@4编著 |
| 801 | 0 | @aCN@bTANGWEI@c20110420 |
| 905 | @b0537566-70@dJ524.3@e312@f5 | |
| 招牌·橱窗装饰设计/赵亚丁,黄顺利,李宇彤编著.-北京:机械工业出版社,2008 |
| 76页:图;26cm |
| ISBN 978-7-111-25273-3:CNY29.00 |
| 本书收集了图内外大量优秀的招牌、橱窗设计图例,这些作品是经过摄影师和专业的建筑师精心的筛选,具有内容新取材广、个性强、艺术性高的特点,给人一种耳目一新的感觉,全书具有极高的参考价值,相信会使从事橱窗和招牌设计的工作人员的专业水平得到较大的提高。 |
| ● |
| 相关链接 |
|
|
|
|
正题名:招牌·橱窗装饰设计
索取号:J524.3/312
 
预约/预借
| 序号 | 登录号 | 条形码 | 馆藏地/架位号 | 状态 | 备注 |
| 1 | 0537566 | 205375663 | 第一样本阅览室/ [索取号:J524.3/312] | 在馆 | |
| 2 | 0537567 | 205375672 | 第一借阅区/ [索取号:J524.3/312] | 在馆 | |
| 3 | 0537568 | 205375681 | 第一借阅区/ [索取号:J524.3/312] | 在馆 | |
| 4 | 0537569 | 205375690 | 第一借阅区/ [索取号:J524.3/312] | 在馆 | |
| 5 | 0537570 | 205375707 | 密集书库-美术系/ [索取号:J524.3/312] | 在馆 |